000 00887nam a22001937a 4500
005 20240313142409.0
010 _aHIN-127046
020 _a978939367962
_c185.00
035 _aHN-99392
037 _bDBAD/PUB
082 _a821
245 _aलालन शाह फ़क़ीर;
_bकालजयी कवि और उनका काव्य लालन शाह फ़क़ीर/
_cमाधव हांडा द्वारा सम्पादित
250 _a1
260 _aदिल्ली
_bराजपाल एंड संस
_c2024
270 _a1590 मदरसा रोड कश्मीरी गेट
_bदिल्ली
_e110006
300 _a126पृष्ठ;
_c22सेमी(अजिल्द)
710 _aमाधव हांडा
_eसम्पादक
_962972
942 _2ddc
_cHN
_h821
_mलालन
999 _c201309
_d201309